000
00328 a2200145 4500
001
173814
020
_a
040
_c
Magnum
100
_a
Mokarzel, Marisa
240
1
0
_a
O caminhao magico de chico beija-flor
_l
por
245
1
0
_a
O caminhao magico de chico beija-flor
362
0
_a
1899
697
_a
IJ/GERAL
942
_c
BK
999
_c
173814
_d
173814